| 000 | 01650nam0a2200361 4500 | ||
|---|---|---|---|
| 001 | RU\NLR\BIBL_A\022753787 | ||
| 005 | 20260510043524.0 | ||
| 010 |
_a978-5-04-113888-2 _92000 |
||
| 021 |
_aRU _bКН-П-26-004048 _9КН-П-26-0378 |
||
| 035 | _a(NLR Aleph) 022753787 | ||
| 090 |
_a13703512 _c13703512 |
||
| 100 | _a20260316d2026 u y0rusy50 ca | ||
| 101 | 1 |
_arus _ceng |
|
| 102 | _aRU | ||
| 105 | _aa z 000zy | ||
| 181 | 0 |
_ai3 _baxxe |
|
| 182 | 0 | _an | |
| 200 | 1 |
_aМеньше думай - больше живи _eрабочая тетрадь по терапии принятия и ответственности _fСтивен Хайес, клинический психолог, основоположник АСТ, Спенсер Смит, клинический психолог _g[перевод с английского И. Видревич] |
|
| 203 |
_aТекст _bвизуальный _cнепосредственный |
||
| 210 |
_aМосква _cЭксмо, Бомбора _d2026 (печ. 2025) |
||
| 215 |
_a269 с. _cил., табл. _d26 |
||
| 333 | _a16+ | ||
| 606 | 1 |
_aОсознанность (психол.) _92461158 _3RU\NLR\AUTH\6601679923 |
|
| 606 | 1 |
_aТревожные расстройства _xПсихотерапия _92298200 _3RU\NLR\AUTH\661376047 |
|
| 686 | 1 | _aЮ935.131-221 | |
| 686 | 1 | _aЮ948.1-82 | |
| 686 | 1 | _aР64-323.11 | |
| 700 | 1 |
_7ca _8rus _aХейс _bС. С. _cпсихолог _f1948- _gСтивен С. _9244606 _3RU\NLR\AUTH\770244662 |
|
| 701 | 1 |
_aСмит _bС. _gСпенсер |
|
| 942 | _cBOOK | ||
| 980 | _aNB | ||